|
|
|
|
| LEADER |
00000nab a2200000uu 4500 |
| 001 |
vtls011438028 |
| 003 |
SK-MaSNL |
| 005 |
20260303145607.0 |
| 008 |
230222| xo |||||||||||||||||slo| |
| 015 |
|
|
|a SNBRB
|
| 035 |
|
|
|a (urnnbn)urn:nbn:sk:snk:ar-002mpz
|
| 035 |
|
|
|a (uuid)cea48e90-9dfa-47db-8e5a-60e92e3e537f
|
| 035 |
|
|
|a urn:nbn:sk:snk-abcd1v
|
| 040 |
|
|
|a SNKBUCL
|b slo
|c SNKBUCL
|e AACR2
|
| 041 |
0 |
|
|a slo
|
| 044 |
|
|
|a xo
|c SK
|
| 100 |
1 |
|
|a Faltin, Michal,
|d 1907-1981
|4 aut
|9 169651
|
| 245 |
1 |
0 |
|a V. G. Nečajevová a kol.: Mravní výchova dětí předškolního věku
|c Michal Faltin
|
| 773 |
0 |
|
|t Predškolská výchova : pedagogický časopis pre učiteľky materských škôl
|g Roč. 31, č. 9 (1976-1977), s. 264-266
|
| 954 |
|
|
|a odborná, vedecká literatúra pôvodná (slovenská)
|2 lita
|
| 958 |
|
|
|a OND
|
| 958 |
|
|
|a EUIPO
|
| 958 |
|
|
|a article16
|
| 999 |
|
|
|c 2003995
|d 2005925
|